| 000 | 00414nam a2200169Ia 4500 | ||
|---|---|---|---|
| 003 | Ost | ||
| 005 | 20260225132600.0 | ||
| 008 | 260225s9999||||xx |||||||||||||| ||und|| | ||
| 020 | _a2110046635 | ||
| 040 | _cfsic | ||
| 041 | _afre | ||
| 082 | _a70.4 | ||
| 100 |
_adanielle bahu-leyser _eAuteur |
||
| 245 | 0 | _amedias e-medias : | |
| 245 | 0 |
_bterritoire de l'information / _cdanielle bahu-leyser |
|
| 942 | _cكتاب | ||
| 999 |
_c34741 _d34741 |
||